Giáo trình khoa học trái đất

Nội dung tài liệu trình bày về trái đất trong không gian, cấu trúc và thành phần trái đất, địa hình và cảnh quan trái đất...

Gespeichert in:
Bibliographische Detailangaben
1. Verfasser: Lưu, Đức Hải
Format: Buch
Sprache:Undetermined
Veröffentlicht: Hà Nội Giáo dục 2008
Schlagworte:
Tags: Tag hinzufügen
Keine Tags, Fügen Sie den ersten Tag hinzu!
Thư viện lưu trữ: Trung tâm Học liệu Trường Đại học Cần Thơ
LEADER 00760nam a2200205Ia 4500
001 CTU_190700
008 210402s9999 xx 000 0 und d
020 |c 38500 
082 |a 550 
082 |b H103 
100 |a Lưu, Đức Hải 
245 0 |a Giáo trình khoa học trái đất 
245 0 |c Lưu Đức Hải, Trần Nghi 
260 |a Hà Nội 
260 |b Giáo dục 
260 |c 2008 
520 |a Nội dung tài liệu trình bày về trái đất trong không gian, cấu trúc và thành phần trái đất, địa hình và cảnh quan trái đất... 
650 |a Earth sciences,Khoa học trái đất 
904 |i Hải 
980 |a Trung tâm Học liệu Trường Đại học Cần Thơ